|
|
|
|
| LEADER |
00764nam a2200181 i 4500 |
| 001 |
publ28005 |
| 005 |
20230731152019.0 |
| 008 |
230731s2018 hu o 0|| Magyar d |
| 020 |
|
|
|a 9786155302237
|
| 024 |
7 |
|
|a 3385375
|2 mtmt
|
| 040 |
|
|
|a SZTE Publicatio Repozitórium
|b hun
|
| 041 |
|
|
|a Magyar
|
| 100 |
1 |
|
|a Merkovity Norbert
|
| 245 |
1 |
2 |
|a A figyelemalapú politika a közösségi média korában
|h [elektronikus dokumentum] :
|b a politikai kommunikáció lehetséges értelmezése napjainkban /
|c Merkovity Norbert
|
| 260 |
|
|
|a Nemzeti Média- és Hírközlési Hatóság Médiatanács Médiatudományi Intézete
|b Budapest
|c 2018
|
| 300 |
|
|
|a 151
|
| 650 |
|
4 |
|a Média és kommunikáció
|
| 856 |
4 |
0 |
|u http://publicatio.bibl.u-szeged.hu/28005/1/MK32web.pdf
|z Dokumentum-elérés
|